000 00549nam a22001457a 4500
005 20250206173751.0
008 241105b |||||||| |||| 00| 0 eng d
100 _aBulatova, Svetlana.
_eauthor.
_963554
245 _aArtifact :
_bthreads of memory /
_cSvetlana Bulatova.
260 _aWashington ;
_bNational Geographic Partners, LLC.,
_cNovember 2022.
300 _avolume 241, pages 32,
_billustration.
500 _aNational Geographic, v. 242, n. 11, pages 32, September 2022.
700 _aBulatova, Svetlana.
_eauthor.
_963553
942 _2ddc
_cPER
999 _c22976
_d22976